| 000 | 01095nam a2200193 a 4500 | ||
|---|---|---|---|
| 001 | 56692 | ||
| 005 | 20180714052555.0 | ||
| 008 | 140415s2001 mx 000 0 spa d | ||
| 020 | _a9706514686 | ||
| 041 | _aspa | ||
| 082 |
_a321 _bCAM |
||
| 100 | 1 | _aCamacho Solís, Manuel,. | |
| 245 | 1 | 3 |
_aLA ENCRUCIJADA : _bY DESPUES DEL ANTIGUO REGIMEN ¿QUE? |
| 250 | _a1a ed. | ||
| 260 |
_aMEXICO : _bOCEANO DE MEXICO, S.A. DE C.V., _c2001 |
||
| 300 |
_a728 _c16.6 x 1.6 x 22.5 |
||
| 520 | _aA LO LARGO DE LAS SECCIONES DE LA ENCRUCIJADA, CAMACHO NO SOLO DISTINGUE LOS DOS CAMINOS QUE SE DIVISAN PARA EL FUTURO NACIONAL, SINO LAS NUMEROSAS RUTAS QUE A ELLOS LLEVAN Y DE ELLOS SE DERIVAN. SON ESTAS LINEAS UNA APRETADA SINTESIS DE LA HISTORIA NACIONAL CONCEBIDA COMO UN PROCESO COMPLETO, MAS QUE COMO MERO AGREGADO PARA ASUMIR UNA IDENTIDAD NACIONAL, LAS TRES REVOLUCIONES MAL AGRUPADAS EN EL CONCEPTO DE REVOLUCION, LAS CONSOLIDACIONES DE LAS INSTITUCIONES Y LA DEBACLE DEL SISTEMA | ||
| 650 | 1 | 4 |
_aCIENCIAS POLITICAS _xCIENCIAS POLITICAS _xMEXICO _xDEMOCRACIA _xMEXICO _xCIENCIAS POLITICAS |
| 999 |
_c56692 _d56692 |
||